|
|
|
|
| LEADER |
01747nam a2200337 i 4500 |
| 001 |
c000125233 |
| 003 |
CARM |
| 005 |
00000000000000.0 |
| 008 |
850402s1960 it 0 eng d |
| 019 |
1 |
|
|a 6367308
|z 9251717
|5 LACONCORD2021
|
| 035 |
|
|
|a (OCoLC)1853433
|5 LACONCORD2021
|
| 100 |
1 |
|
|a Follieri, Enrica.
|
| 245 |
1 |
0 |
|a Initia hymnorum ecclesiae Graecae.
|
| 260 |
|
|
|a Citta del Vaticano :
|b Biblioteca Apostolica Vaticana,
|c 1960-66.
|
| 300 |
|
|
|a 5 v. in 6.
|
| 440 |
|
0 |
|a Studi e testi (Biblioteca apostolica vaticana) ;
|v 211
|
| 500 |
|
|
|a Identical bibliography in each vol.
|
| 650 |
|
0 |
|a Hymns, Greek
|x Dictionaries.
|
| 852 |
8 |
|
|b CARM
|h A2:AD04C0
|i D00250
|p 0021495
|f BK
|
| 852 |
8 |
|
|b CARM
|h A2:AD04C0
|i D00250
|p 0021494
|f BK
|
| 852 |
8 |
|
|b CARM
|h A2:AE07F0
|i C00391
|p 0021482
|f BK
|
| 852 |
8 |
|
|b CARM
|h A2:AE07F0
|i C00391
|p 0021491
|f BK
|
| 852 |
8 |
|
|b CARM
|h A2:AE07F0
|i C00391
|p 0021490
|f BK
|
| 852 |
8 |
|
|b CARM
|h A2:AE01E0
|i C00128
|p 0021458
|f BK
|
| 999 |
f |
f |
|i 66831dfc-ce93-5657-9bc4-e7337a6ae167
|s a31b8d49-3f00-5b46-990d-3b270fcdfa6f
|
| 952 |
f |
f |
|p Can circulate
|a CAVAL
|b CAVAL
|c CAVAL
|d CARM 1 Store
|e D00250
|f A2:AD04C0
|h Other scheme
|i book
|j v.2 held
|m 0021494
|
| 952 |
f |
f |
|p Can circulate
|a CAVAL
|b CAVAL
|c CAVAL
|d CARM 1 Store
|e D00250
|f A2:AD04C0
|h Other scheme
|i book
|j v.1 held
|m 0021495
|
| 952 |
f |
f |
|p Can circulate
|a CAVAL
|b CAVAL
|c CAVAL
|d CARM 1 Store
|e C00391
|f A2:AE07F0
|h Other scheme
|i book
|j v.4 held
|m 0021491
|
| 952 |
f |
f |
|p Can circulate
|a CAVAL
|b CAVAL
|c CAVAL
|d CARM 1 Store
|e C00128
|f A2:AE01E0
|h Other scheme
|i book
|j v.5 pt.2
|m 0021458
|
| 952 |
f |
f |
|p Can circulate
|a CAVAL
|b CAVAL
|c CAVAL
|d CARM 1 Store
|e C00391
|f A2:AE07F0
|h Other scheme
|i book
|j v.3 held
|m 0021482
|
| 952 |
f |
f |
|p Can circulate
|a CAVAL
|b CAVAL
|c CAVAL
|d CARM 1 Store
|e C00391
|f A2:AE07F0
|h Other scheme
|i book
|j v.5 pt.1
|m 0021490
|